[Event "Panevezys Elite 2018"]
[Site "Panevezys"]
[Date "2018.06.29"]
[Round "1.1"]
[White "Kveinys, Aloyzas"]
[Black "Bjerre, Jonas Buhl"]
[Result "1/2-1/2"]
[WhiteElo "2537"]
[BlackElo "2436"]
[Annotator "TA"]
[PlyCount "39"]
[EventDate "2018.06.29"]
[EventType "swiss"]
[EventRounds "9"]
[EventCountry "LTU"]
[SourceTitle "playchess.com"]
[Source "ChessBase"]
[SourceQuality "1"]

{[%evp 19,39,24,37,4,6,6,0,10,32,13,0,17,11,0,0,0,0,0,0,0,0,0]} 1. d4 Nf6 2. c4 e6 3. Nf3 Bb4+ 4. Bd2 a5 5. g3 b6 6. Bg2 Bb7 7. O-O O-O 8. Bf4 Be7 9. Nc3 Ne4 10. Nb5 {E16: Queen's Indian: 4 g3 Bb7 5 Bg2 Bb4+} Na6 {LiveBook: 15 Games} 11. Ne5 $146 ({Predecessor:} 11. Re1 c6 12. Nc3 Nxc3 13. bxc3 d5 14. Rb1 Nb8 15. Ne5 f6 16. Nd3 dxc4 17. Nb2 Ba6 {1-0 (45) Navara,D (2734)-Wang,Y (2718) Huaian 2016}) 11... d6 12. Nd3 d5 13. Rc1 {White wants to play cxd5.} c6 14. cxd5 cxb5 {The position is equal.} 15. Bxe4 Bxd5 16. Bxd5 Qxd5 17. Qb3 Qxb3 18. axb3 Rac8 19. Ne5 Nb8 20. Rfd1 1/2-1/2

[Event "Panevezys Elite 2018"]
[Site "Panevezys"]
[Date "2018.06.29"]
[Round "1.2"]
[White "Harutjunyan, Gevorg"]
[Black "Starostits, Ilmars"]
[Result "0-1"]
[WhiteElo "2418"]
[BlackElo "2449"]
[Annotator "TA"]
[PlyCount "85"]
[EventDate "2018.06.29"]
[EventType "swiss"]
[EventRounds "9"]
[EventCountry "LTU"]
[SourceTitle "playchess.com"]
[Source "ChessBase"]
[SourceQuality "1"]

{[%evp 9,85,22,37,-16,-14,-13,-4,-2,11,15,106,66,197,189,194,206,543,479,529,258,261,190,179,155,166,163,145,150,168,179,156,109,94,78,87,0,0,2,57,40,83,77,80,87,107,0,0,-12,50,-11,-30,-46,0,0,0,0,0,0,0,0,0,0,0,-215,-216,-747,-729,-1381,-1348,-1340,-1062,-1064,-1037,-2016,-1859,-2429,-2550,-29990]} 1. e4 {[%cal Be2e4,Be4e5][%mdl 32]} c6 2. d4 d5 3. e5 Bf5 4. h4 Qb6 5. g4 (5. Nc3 h5 6. Na4 Qa5+ 7. c3 e6 8. Nf3 Nd7 9. b4 Qc7 10. Bd3 Bg4 11. Bd2 Ne7 12. Qc2 Bxf3 13. gxf3 g6 {0-1 (40) Onischuk,V (2637)-Pantsulaia,L (2612) Riadh 2017}) 5... Bd7 {LiveBook: 24 Games} ({Avoid the trap} 5... Be4 $2 6. f3 $18) 6. Rh3 {B12: Caro-Kann: Advance Variation} (6. Nc3 $14) 6... h5 $146 ({Predecessor:} 6... e6 7. Rb3 Qc7 8. Be3 Ne7 9. h5 h6 10. Nd2 c5 11. dxc5 Nbc6 12. Ngf3 f6 13. exf6 gxf6 {0-1 (25) Nouri,H (2325)-Sunilduth Lyna,N (2501) Bangkok 2016}) 7. Rb3 Qc7 8. g5 {The position is equal.} c5 9. dxc5 Nc6 (9... e6 $11) 10. Bf4 ({But not} 10. Qxd5 $6 Be6 $11) 10... Bg4 (10... e6 $14) 11. f3 $18 Bf5 12. Nc3 $1 O-O-O $2 (12... Qc8 {is tougher.} 13. Qxd5 e6) 13. Nb5 Qd7 {intending ...d4.} 14. Nd4 (14. Ne2 $142) 14... e6 15. Nxc6 Qxc6 16. Bb5 Qc7 {[#]} 17. c6 $1 Bc5 18. Ne2 d4 19. cxb7+ Kb8 20. Bd3 Ne7 21. Qd2 Bb6 {Strongly threatening ...Ba5.} 22. Ra3 (22. Kf2 $16) 22... Bxd3 $11 23. Rxd3 {[%cal Re2d4]} Nc6 ({Black should try} 23... Nf5 $11) 24. O-O-O Rd5 {[%cal Bd8d5,Bd5c5,Bc5c2][%mdl 32]} 25. Kb1 Qxb7 26. Bg3 Rc8 27. Nf4 (27. a3 $16) 27... Rc5 28. g6 Na5 (28... Ba5 $11 29. Qf2 Bc3 30. Rxc3 dxc3) 29. gxf7 ({White should play} 29. Rxd4 $14 Rxc2 30. Rd7 Rxd2 31. Rxb7+ Nxb7 32. Rxd2) 29... Qxf7 30. Qb4 Rxc2 {Hoping for ...Nb7.} (30... g5 $5 31. hxg5 h4 $15) 31. Qd6+ Kb7 {aiming for ...Rxb2+!} 32. Qxe6 Qc7 {( -> ...Rc1+)} 33. a3 $1 ({Of course not} 33. Qd5+ Ka6 $17) 33... Rc1+ $40 {[%mdl 128] Black is up to no good.} 34. Ka2 $1 Rxd1 $1 35. Rxd1 {Threatens to win with Qd5+.} Qc2 $1 {[%cal Rc2d1]} 36. Qd5+ $2 (36. Rh1 $11 {and White is okay.}) 36... Ka6 $19 {[%mdl 1024] Black has strong compensation.} 37. Nd3 $2 {[#]} (37. Rh1 Rd8 38. Rh2) 37... Rc4 $1 {And now ...Qb3+ would win.Black is clearly winning.} 38. Nf2 Qb3+ 39. Kb1 {[#]} Rc1+ $1 {[%mdl 512]} 40. Rxc1 (40. Kxc1 Qxd5) 40... Qxd5 41. Nd3 Qxf3 42. Nb4+ Kb7 43. Nd3 {Precision: White = 42%, Black = 53%.} 0-1

[Event "Panevezys Elite 2018"]
[Site "Panevezys"]
[Date "2018.06.29"]
[Round "1.3"]
[White "Laurusas, Tomas"]
[Black "Badelka, Olga"]
[Result "1/2-1/2"]
[WhiteElo "2465"]
[BlackElo "2407"]
[Annotator "TA"]
[PlyCount "158"]
[EventDate "2018.06.29"]
[EventType "swiss"]
[EventRounds "9"]
[EventCountry "LTU"]
[SourceTitle "playchess.com"]
[Source "ChessBase"]
[SourceQuality "1"]

{[%evp 28,158,101,80,185,178,185,180,182,143,220,230,241,222,218,227,229,213,222,163,197,209,218,197,241,220,224,208,213,161,217,205,201,196,205,212,186,208,260,247,241,191,591,600,575,590,720,755,616,324,337,337,339,322,342,266,290,125,285,232,238,224,232,205,237,0,0,0,0,0,0,0,0,0,0,0,0,-22,-22,-22,-22,-45,-34,-34,-34,-34,-35,-51,0,0,0,0,0,0,0,0,0,0,0,0,0,0,0,0,0,0,0,0,0,0,0,0,0,0,0,0,0,0,0,0,34,34,34,34,34,34,34,34,34,34,34,34,34]} 1. c4 c5 2. Nf3 Nf6 3. Nc3 b6 4. e4 d6 5. d4 cxd4 6. Nxd4 Bb7 7. f3 e6 8. Be3 a6 9. Be2 Be7 10. O-O O-O 11. a4 Nbd7 12. a5 Qc7 13. Qd2 {A31: Symmetrical English: 2 Nf3 Nf6 3 d4} Rfe8 14. Rfc1 Rac8 15. Kh1 {LiveBook: 3 Games. White is better.} Bd8 $146 {[#]} (15... Qb8 $16) ({Predecessor:} 15... bxa5 16. Nb3 Qb8 17. Nxa5 Ba8 18. b4 Ne5 19. b5 axb5 20. Nxb5 Rcd8 21. Rcb1 d5 22. cxd5 exd5 {1-0 (40) Khismatullin,D (2534)-Tunik,G (2491) Moscow 2004}) 16. Ndb5 $1 $18 {[%cal Rb5c7][%mdl 512]} axb5 17. Nxb5 Qb8 18. a6 Be7 (18... Bc6 $16 {was necessary.}) 19. axb7 Qxb7 20. Nxd6 Bxd6 21. Qxd6 Nc5 22. Rd1 {Black must now prevent b4.} e5 23. Ra3 Rc6 24. Qd2 $1 Ne6 25. b4 h6 26. Qb2 Nd7 27. Rda1 Rc7 28. Qd2 Nf6 (28... Nb8 $142 29. Ra8 Rd7) 29. Qd6 Nd4 30. Bxd4 Rc6 31. Bxe5 Rxd6 32. Bxd6 Nd7 33. Ra7 Qc6 34. Rd1 {Strongly threatening b5.} Ne5 $2 (34... Ra8 35. b5 Qc8) 35. b5 Qc8 {[#]} 36. c5 $1 bxc5 {If Black can now play ...Qe6 this consolidates a bit.} 37. b6 Qc6 38. Bxe5 Qxb6 39. Ra6 Qb3 40. Bf4 Rc8 41. Raa1 c4 42. Rac1 (42. Rdb1 $18 Qc3 43. Ra2) 42... c3 $2 (42... g5 $16 {is a better defense.}) 43. h3 g5 {[#]} 44. Be3 $1 c2 45. Rd3 Qb2 {[#]} 46. Bd2 $2 (46. Kg1 $1 $18) 46... Ra8 $1 $11 47. Rc3 Ra1 $36 {[%mdl 2048] Black is more active.} 48. Rc8+ $1 Kh7 49. Rxa1 Qxa1+ 50. Kh2 Qd1 51. Bxd1 cxd1=Q {[%mdl 4096] Endgame KQ-KRB} 52. Bc3 Qd6+ 53. Kg1 f6 54. Kh1 Qd7 55. Rc4 Qd1+ 56. Kh2 Qd6+ 57. e5 fxe5 (57... Qd5 $15 58. Re4 f5) 58. Re4 Qc6 59. Bxe5 Qa6 60. Rd4 Qe6 61. Bg3 Qf7 62. Ra4 Qe6 63. h4 Qf7 64. Rg4 Qe6 65. Bf2 Qd5 66. Kh3 Qf5 {Threatens to win with ...h5.} 67. Kh2 Qd5 68. Bg3 Qf5 69. Re4 Kg6 70. Bf2 Kh7 71. Bd4 Qd5 72. Kg1 Kg6 73. Rg4 Kf7 74. hxg5 {White is slightly better.} hxg5 75. Be3 Qd1+ 76. Kf2 Qc2+ 77. Kg3 Qc7+ 78. Kh3 Qe5 79. Bxg5 Qe1 {Precision: White = 65%, Black = 54%.} 1/2-1/2

[Event "Panevezys Elite 2018"]
[Site "Panevezys"]
[Date "2018.06.29"]
[Round "1.4"]
[White "Krivonosov, Oleg"]
[Black "Grib, Roman"]
[Result "1/2-1/2"]
[WhiteElo "2399"]
[BlackElo "2445"]
[Annotator "ChessBase"]
[PlyCount "72"]
[EventDate "2018.06.29"]
[EventType "swiss"]
[EventRounds "9"]
[EventCountry "LTU"]
[SourceTitle "playchess.com"]
[Source "ChessBase"]
[SourceQuality "1"]
[TimeControl "40/5400+30:1800+30"]

1. Nf3 {[%emt 0:00:00]} Nf6 {[%emt 0:00:00]} 2. c4 {[%emt 0:00:00]} g6 {[%emt 0:00:00]} 3. Nc3 {[%emt 0:00:00]} d5 {[%emt 0:00:00]} 4. cxd5 {[%emt 0:00:00]} Nxd5 {[%emt 0:00:02]} 5. e4 {[%emt 0:00:10]} Nxc3 {[%emt 0:00:42]} 6. dxc3 {[%emt 0:00:11]} Qxd1+ {[%emt 0:00:43]} 7. Kxd1 {[%emt 0:00:07]} Nd7 {[%emt 0:08:50]} 8. Bc4 {[%emt 0:12:33]} Bg7 {[%emt 0:06:28]} 9. Kc2 {[%emt 0:05:20]} Nc5 {[%emt 0:06:17]} 10. Re1 {[%emt 0:08:14]} f5 {[%emt 0:06:26]} 11. Ng5 {[%emt 0:12:42]} h6 {[%emt 0:10:28]} 12. Be3 {[%emt 0:05:15]} hxg5 {[%emt 0:07:35]} 13. Bxc5 {[%emt 0:00:04]} Rxh2 {[%emt 0:09:04]} 14. exf5 {[%emt 0:09:07]} Bxf5+ {[%emt 0:01:02]} 15. Kb3 {[%emt 0:00:17]} Bf6 {[%emt 0:01:06]} 16. g3 {[%emt 0:04:43]} b6 {[%emt 0:06:22]} 17. Be3 {[%emt 0:01:41]} c6 {[%emt 0:02:21]} 18. a4 {[%emt 0:01:44]} O-O-O {[%emt 0:00:32]} 19. Rh1 {[%emt 0:03:03]} Rxh1 {[%emt 0:02:39]} 20. Ba6+ {[%emt 0:01:48]} Kc7 {[%emt 0:00:17]} 21. Rxh1 {[%emt 0:00:05]} Be4 {[%emt 0:03:44]} 22. Re1 {[%emt 0:01:09]} Bf3 {[%emt 0:04:45]} 23. Kc2 {[%emt 0:00:44]} Be4+ {[%emt 0:00:17]} 24. Kb3 {[%emt 0:00:09]} Bf5 {[%emt 0:07:30]} 25. Rh1 {[%emt 0:00:21]} Bg4 {[%emt 0:02:16]} 26. Kc2 {[%emt 0:00:50]} Rd5 {[%emt 0:01:45]} 27. Bc4 {[%emt 0:05:39]} Ra5 {[%emt 0:00:51]} 28. Bb3 {[%emt 0:00:44]} Bf5+ {[%emt 0:00:52]} 29. Kd2 {[%emt 0:00:31]} b5 {[%emt 0:00:40]} 30. Ra1 {[%emt 0:02:20]} g4 {[%emt 0:09:48]} 31. Ra3 {[%emt 0:04:40]} bxa4 {[%emt 0:01:30]} 32. Rxa4 {[%emt 0:01:05]} Rb5 {[%emt 0:00:34]} 33. Rxa7+ {[%emt 0:01:17]} Kb8 {[%emt 0:00:02]} 34. Ra3 {[%emt 0:00:26]} Be5 {[%emt 0:00:26]} 35. Kc1 {[%emt 0:02:26]} Bd6 {[%emt 0:00:18]} 36. Bc4 {[%emt 0:00:13]} Bxa3 {[%emt 0:00:24]} 1/2-1/2

[Event "Panevezys Elite 2018"]
[Site "Panevezys"]
[Date "2018.06.29"]
[Round "1.5"]
[White "Stremavicius, Titas"]
[Black "Van Osch, Mees"]
[Result "1-0"]
[WhiteElo "2448"]
[BlackElo "2324"]
[Annotator "ChessBase"]
[PlyCount "83"]
[EventDate "2018.06.29"]
[EventType "swiss"]
[EventRounds "9"]
[EventCountry "LTU"]
[SourceTitle "playchess.com"]
[Source "ChessBase"]
[SourceQuality "1"]
[TimeControl "40/5400+30:1800+30"]

1. d4 {[%emt 0:00:00]} Nf6 {[%emt 0:00:00]} 2. c4 {[%emt 0:00:00]} g6 {[%emt 0:00:00]} 3. Nc3 {[%emt 0:00:00]} Bg7 {[%emt 0:00:00]} 4. e4 {[%emt 0:00:06]} d6 {[%emt 0:00:00]} 5. Bd3 {[%emt 0:00:09]} O-O {[%emt 0:00:00]} 6. Nge2 {[%emt 0:00:08]} Nc6 {[%emt 0:00:32]} 7. O-O {[%emt 0:00:24]} Nd7 {[%emt 0:00:10]} 8. Bc2 {[%emt 0:08:49]} e5 {[%emt 0:05:51]} 9. d5 {[%emt 0:03:42]} Nd4 {[%emt 0:00:03]} 10. Nxd4 {[%emt 0:00:09]} exd4 {[%emt 0:00:03]} 11. Ne2 {[%emt 0:01:52]} Qf6 {[%emt 0:11:21]} 12. Rb1 {[%emt 0:03:32]} a5 {[%emt 0:12:31]} 13. b3 {[%emt 0:03:12]} c5 {[%emt 0:01:10]} 14. f4 {[%emt 0:03:20]} Qh4 {[%emt 0:07:24]} 15. h3 {[%emt 0:06:03]} f5 {[%emt 0:04:39]} 16. exf5 {[%emt 0:01:50]} gxf5 {[%emt 0:02:04]} 17. Qe1 {[%emt 0:02:20]} Qh6 {[%emt 0:18:24]} 18. Ng3 {[%emt 0:04:19]} Nb8 {[%emt 0:00:33]} 19. Kh2 {[%emt 0:08:27]} Bd7 {[%emt 0:07:08]} 20. Bd2 {[%emt 0:05:20]} b6 {[%emt 0:04:22]} 21. Qe7 {[%emt 0:01:46]} Qg6 {[%emt 0:06:37]} 22. Rbe1 {[%emt 0:02:53]} Bf6 {[%emt 0:01:09]} 23. Qxd6 {[%emt 0:03:36]} Bh4 {[%emt 0:02:06]} 24. Qxg6+ {[%emt 0:00:06]} hxg6 {[%emt 0:00:05]} 25. Re5 {[%emt 0:01:55]} Na6 {[%emt 0:01:15]} 26. a3 {[%emt 0:01:00]} Nc7 {[%emt 0:02:15]} 27. Ne2 {[%emt 0:03:29]} Ne8 {[%emt 0:03:51]} 28. a4 {[%emt 0:02:27]} Nd6 {[%emt 0:01:29]} 29. Ng1 {[%emt 0:00:38]} Bf6 {[%emt 0:07:09]} 30. Nf3 {[%emt 0:05:12]} Ne4 {[%emt 0:00:04]} 31. Bc1 {[%emt 0:05:12]} Rae8 {[%emt 0:01:26]} 32. Re1 {[%emt 0:01:26]} Kg7 {[%emt 0:00:35]} 33. Bxe4 {[%emt 0:01:35]} fxe4 {[%emt 0:00:19]} 34. R5xe4 {[%emt 0:00:09]} Rxe4 {[%emt 0:00:11]} 35. Rxe4 {[%emt 0:00:03]} Bf5 {[%emt 0:00:02]} 36. Re2 {[%emt 0:00:43]} d3 {[%emt 0:02:30]} 37. Re1 {[%emt 0:00:48]} Bc3 {[%emt 0:00:35]} 38. Bd2 {[%emt 0:00:19]} Bf6 {[%emt 0:00:27]} 39. g4 {[%emt 0:00:53]} Bc8 {[%emt 0:00:10]} 40. Re3 {[%emt 0:00:31]} Bd7 {[%emt 0:00:59]} 41. Rxd3 {[%emt 0:30:35]} Re8 {[%emt 0:01:14]} 42. Bc3 {[%emt 0:00:00]} 1-0

[Event "Panevezys Elite 2018"]
[Site "Panevezys"]
[Date "2018.06.29"]
[Round "1.6"]
[White "Maryasin, Boris"]
[Black "Priyanka Nutakki"]
[Result "0-1"]
[WhiteElo "2304"]
[BlackElo "2180"]
[Annotator "ChessBase"]
[PlyCount "74"]
[EventDate "2018.06.29"]
[EventType "swiss"]
[EventRounds "9"]
[EventCountry "LTU"]
[SourceTitle "playchess.com"]
[Source "ChessBase"]
[SourceQuality "1"]
[TimeControl "40/5400+30:1800+30"]

1. e4 {[%emt 0:00:00]} e6 {[%emt 0:00:00]} 2. d4 {[%emt 0:00:03]} d5 {[%emt 0:00:07]} 3. Bd3 {[%emt 0:00:35]} dxe4 {[%emt 0:01:25]} 4. Bxe4 {[%emt 0:00:07]} Nf6 {[%emt 0:00:05]} 5. Bf3 {[%emt 0:00:12]} Bd6 {[%emt 0:04:11]} 6. Ne2 {[%emt 0:01:19]} O-O {[%emt 0:00:21]} 7. Nbc3 {[%emt 0:01:00]} c6 {[%emt 0:05:34]} 8. Bg5 {[%emt 0:02:19]} Nbd7 {[%emt 0:04:54]} 9. Qd2 {[%emt 0:00:35]} Be7 {[%emt 0:04:44]} 10. O-O {[%emt 0:04:10]} e5 {[%emt 0:06:57]} 11. Rad1 {[%emt 0:02:03]} exd4 {[%emt 0:08:05]} 12. Nxd4 {[%emt 0:02:11]} Ne5 {[%emt 0:00:55]} 13. Be2 {[%emt 0:01:40]} h6 {[%emt 0:16:14]} 14. Qe3 {[%emt 0:04:33]} Nfg4 {[%emt 0:15:16]} 15. Bxg4 {[%emt 0:01:16]} Bxg5 {[%emt 0:00:05]} 16. Qxe5 {[%emt 0:02:09]} Bxg4 {[%emt 0:00:08]} 17. Nxc6 {[%emt 0:08:31]} Qb6 {[%emt 0:03:11]} 18. Rd4 {[%emt 0:01:17]} Bf6 {[%emt 0:01:36]} 19. Qg3 {[%emt 0:04:06]} Bxd4 {[%emt 0:02:38]} 20. Nd5 {[%emt 0:00:20]} Qxb2 {[%emt 0:04:37]} 21. Nce7+ {[%emt 0:00:13]} Kh8 {[%emt 0:00:05]} 22. Qxg4 {[%emt 0:00:03]} Bf6 {[%emt 0:02:31]} 23. Nf5 {[%emt 0:00:09]} Rad8 {[%emt 0:01:20]} 24. c4 {[%emt 0:00:15]} b5 {[%emt 0:01:32]} 25. Qh5 {[%emt 0:07:34]} Qe5 {[%emt 0:04:01]} 26. f4 {[%emt 0:00:21]} Qe6 {[%emt 0:00:12]} 27. Kh1 {[%emt 0:02:19]} bxc4 {[%emt 0:02:52]} 28. Nde3 {[%emt 0:00:13]} Bd4 {[%emt 0:01:24]} 29. Qg4 {[%emt 0:01:56]} g6 {[%emt 0:02:30]} 30. Nxd4 {[%emt 0:00:47]} Qxg4 {[%emt 0:00:18]} 31. Nxg4 {[%emt 0:00:02]} Rxd4 {[%emt 0:00:07]} 32. Ne5 {[%emt 0:00:08]} Kg7 {[%emt 0:00:22]} 33. g3 {[%emt 0:00:21]} Rfd8 {[%emt 0:00:10]} 34. Kg2 {[%emt 0:00:11]} Rd2+ {[%emt 0:00:19]} 35. Kf3 {[%emt 0:00:02]} c3 {[%emt 0:00:24]} 36. Rc1 {[%emt 0:00:19]} c2 {[%emt 0:00:08]} 37. h4 {[%emt 0:01:02]} Rh2 {[%emt 0:00:57]} 0-1

[Event "Panevezys Elite 2018"]
[Site "Panevezys"]
[Date "2018.06.29"]
[Round "1.7"]
[White "Berzina, Ilze"]
[Black "Brazdzionis, Andrius"]
[Result "0-1"]
[WhiteElo "2173"]
[BlackElo "2252"]
[Annotator "ChessBase"]
[PlyCount "72"]
[EventDate "2018.06.29"]
[EventType "swiss"]
[EventRounds "9"]
[EventCountry "LTU"]
[SourceTitle "playchess.com"]
[Source "ChessBase"]
[SourceQuality "1"]
[TimeControl "40/5400+30:1800+30"]

1. e4 {[%emt 0:00:00]} d6 {[%emt 0:00:11]} 2. d4 {[%emt 0:00:00]} Nf6 {[%emt 0:00:08]} 3. Nc3 {[%emt 0:00:03]} g6 {[%emt 0:00:08]} 4. f4 {[%emt 0:00:26]} Bg7 {[%emt 0:00:06]} 5. Nf3 {[%emt 0:00:27]} O-O {[%emt 0:00:08]} 6. Bd3 {[%emt 0:00:35]} Nc6 {[%emt 0:00:47]} 7. d5 {[%emt 0:12:15]} Nb4 {[%emt 0:01:33]} 8. O-O {[%emt 0:01:23]} c6 {[%emt 0:12:19]} 9. dxc6 {[%emt 0:02:14]} Qb6+ {[%emt 0:00:17]} 10. Kh1 {[%emt 0:00:13]} bxc6 {[%emt 0:01:12]} 11. Qe2 {[%emt 0:05:58]} Nxd3 {[%emt 0:03:44]} 12. cxd3 {[%emt 0:00:09]} Rb8 {[%emt 0:04:27]} 13. Bd2 {[%emt 0:03:25]} Ba6 {[%emt 0:01:27]} 14. b3 {[%emt 0:03:19]} Nd7 {[%emt 0:04:18]} 15. Rad1 {[%emt 0:08:26]} Nc5 {[%emt 0:01:38]} 16. Be1 {[%emt 0:02:35]} Ne6 {[%emt 0:07:11]} 17. Nh4 {[%emt 0:20:18]} Nd4 {[%emt 0:02:46]} 18. Qg4 {[%emt 0:03:18]} f5 {[%emt 0:00:38]} 19. exf5 {[%emt 0:02:17]} Nxf5 {[%emt 0:00:17]} 20. Nxf5 {[%emt 0:00:16]} Rxf5 {[%emt 0:00:28]} 21. Ne4 {[%emt 0:01:39]} Rbf8 {[%emt 0:07:46]} 22. Bh4 {[%emt 0:05:49]} Qc7 {[%emt 0:01:14]} 23. Bg5 {[%emt 0:07:42]} e5 {[%emt 0:07:05]} 24. Rf3 {[%emt 0:08:50]} h6 {[%emt 0:20:19]} 25. Bxh6 {[%emt 0:00:09]} Bxh6 {[%emt 0:00:04]} 26. Qxg6+ {[%emt 0:00:06]} Qg7 {[%emt 0:00:25]} 27. Qe6+ {[%emt 0:05:15]} Kh7 {[%emt 0:00:22]} 28. Rg3 {[%emt 0:04:45]} Qf7 {[%emt 0:00:53]} 29. Qxd6 {[%emt 0:00:11]} Rh5 {[%emt 0:07:12]} 30. Qxc6 {[%emt 0:00:36]} Bxf4 {[%emt 0:02:45]} 31. Qxa6 {[%emt 0:00:22]} Rxh2+ {[%emt 0:01:01]} 32. Kg1 {[%emt 0:00:08]} Rh6 {[%emt 0:01:48]} 33. Qb5 {[%emt 0:01:06]} Qh5 {[%emt 0:01:24]} 34. Rf3 {[%emt 0:00:45]} Be3+ {[%emt 0:00:46]} 35. Kf1 {[%emt 0:00:26]} Rxf3+ {[%emt 0:00:04]} 36. Ke2 {[%emt 0:00:10]} Rf2+ {[%emt 0:00:17]} 0-1

[Event "Panevezys Elite 2018"]
[Site "Panevezys"]
[Date "2018.06.29"]
[Round "1.8"]
[White "Vovk, Ilja"]
[Black "Tsiganova, Monika"]
[Result "1-0"]
[WhiteElo "2273"]
[BlackElo "2131"]
[Annotator "ChessBase"]
[PlyCount "69"]
[EventDate "2018.06.29"]
[EventType "swiss"]
[EventRounds "9"]
[EventCountry "LTU"]
[SourceTitle "playchess.com"]
[Source "ChessBase"]
[SourceQuality "1"]
[TimeControl "40/5400+30:1800+30"]

1. Nf3 {[%emt 0:00:00]} Nf6 {[%emt 0:00:00]} 2. g3 {[%emt 0:00:00]} g6 {[%emt 0:00:22]} 3. Bg2 {[%emt 0:00:00]} Bg7 {[%emt 0:00:06]} 4. O-O {[%emt 0:00:00]} O-O {[%emt 0:00:20]} 5. d3 {[%emt 0:00:00]} d5 {[%emt 0:04:18]} 6. Nbd2 {[%emt 0:00:08]} c5 {[%emt 0:01:32]} 7. e4 {[%emt 0:00:10]} Nc6 {[%emt 0:01:55]} 8. exd5 {[%emt 0:00:14]} Nxd5 {[%emt 0:00:12]} 9. Re1 {[%emt 0:00:10]} e5 {[%emt 0:11:43]} 10. a3 {[%emt 0:00:19]} Be6 {[%emt 0:03:03]} 11. Rb1 {[%emt 0:01:23]} h6 {[%emt 0:03:56]} 12. Ne4 {[%emt 0:12:36]} b6 {[%emt 0:06:45]} 13. c4 {[%emt 0:00:40]} Nde7 {[%emt 0:01:56]} 14. b4 {[%emt 0:01:27]} f5 {[%emt 0:02:26]} 15. Ned2 {[%emt 0:05:35]} Qxd3 {[%emt 0:02:37]} 16. b5 {[%emt 0:03:01]} e4 {[%emt 0:28:05]} 17. bxc6 {[%emt 0:02:31]} Rad8 {[%emt 0:05:09]} 18. Qa4 {[%emt 0:20:36]} Qd6 {[%emt 0:01:26]} 19. Bb2 {[%emt 0:03:29]} Nxc6 {[%emt 0:00:47]} 20. Nh4 {[%emt 0:14:14]} g5 {[%emt 0:13:53]} 21. Bxg7 {[%emt 0:08:27]} Kxg7 {[%emt 0:01:17]} 22. Nxf5+ {[%emt 0:14:22]} Bxf5 {[%emt 0:00:08]} 23. Nxe4 {[%emt 0:00:20]} Qg6 {[%emt 0:00:24]} 24. Rbc1 {[%emt 0:07:58]} Rf7 {[%emt 0:06:56]} 25. Nxg5 {[%emt 0:01:11]} Qxg5 {[%emt 0:00:30]} 26. Qxc6 {[%emt 0:00:49]} Rd2 {[%emt 0:00:16]} 27. Bd5 {[%emt 0:01:07]} Bd7 {[%emt 0:00:22]} 28. Qd6 {[%emt 0:00:33]} Qf5 {[%emt 0:00:26]} 29. Qe5+ {[%emt 0:01:02]} Qxe5 {[%emt 0:00:13]} 30. Rxe5 {[%emt 0:00:01]} Kf6 {[%emt 0:01:35]} 31. Rce1 {[%emt 0:00:56]} Rg7 {[%emt 0:00:02]} 32. R5e4 {[%emt 0:00:45]} Bf5 {[%emt 0:00:08]} 33. Rf4 {[%emt 0:00:28]} Kg6 {[%emt 0:00:06]} 34. Re5 {[%emt 0:00:52]} Bd7 {[%emt 0:00:17]} 35. Be4+ {[%emt 0:00:08]} 1-0

[Event "Panevezys Elite 2018"]
[Site "Panevezys"]
[Date "2018.06.29"]
[Round "1.9"]
[White "Stasans, Aivars"]
[Black "Ratsma, Midas"]
[Result "1/2-1/2"]
[WhiteElo "2071"]
[BlackElo "2253"]
[Annotator "ChessBase"]
[PlyCount "62"]
[EventDate "2018.06.29"]
[EventType "swiss"]
[EventRounds "9"]
[EventCountry "LTU"]
[SourceTitle "playchess.com"]
[Source "ChessBase"]
[SourceQuality "1"]
[TimeControl "40/5400+30:1800+30"]

1. e4 {[%emt 0:00:00]} g6 {[%emt 0:00:00]} 2. d4 {[%emt 0:00:00]} Bg7 {[%emt 0:00:00]} 3. Nc3 {[%emt 0:01:10]} d6 {[%emt 0:00:05]} 4. f4 {[%emt 0:03:50]} Nf6 {[%emt 0:01:57]} 5. Nf3 {[%emt 0:01:10]} O-O {[%emt 0:00:28]} 6. Bd3 {[%emt 0:02:30]} Na6 {[%emt 0:01:57]} 7. O-O {[%emt 0:02:46]} e5 {[%emt 0:03:08]} 8. dxe5 {[%emt 0:16:44]} dxe5 {[%emt 0:00:05]} 9. Bxa6 {[%emt 0:00:20]} bxa6 {[%emt 0:08:21]} 10. Nxe5 {[%emt 0:08:13]} Bb7 {[%emt 0:10:21]} 11. Qe2 {[%emt 0:02:19]} Qe7 {[%emt 0:02:09]} 12. Qc4 {[%emt 0:01:49]} Ne8 {[%emt 0:10:53]} 13. Be3 {[%emt 0:09:23]} Nd6 {[%emt 0:07:22]} 14. Qa4 {[%emt 0:05:30]} f6 {[%emt 0:05:25]} 15. Nd7 {[%emt 0:05:25]} Rfe8 {[%emt 0:03:29]} 16. e5 {[%emt 0:08:13]} Nb5 {[%emt 0:14:40]} 17. Nc5 {[%emt 0:13:53]} Nxc3 {[%emt 0:02:53]} 18. bxc3 {[%emt 0:00:06]} Bd5 {[%emt 0:02:02]} 19. Rad1 {[%emt 0:01:42]} Rad8 {[%emt 0:02:03]} 20. c4 {[%emt 0:00:44]} Bf7 {[%emt 0:02:46]} 21. Rxd8 {[%emt 0:00:36]} Rxd8 {[%emt 0:01:11]} 22. Nd3 {[%emt 0:03:16]} fxe5 {[%emt 0:01:48]} 23. Nxe5 {[%emt 0:02:11]} Bxe5 {[%emt 0:01:23]} 24. fxe5 {[%emt 0:00:01]} Qxe5 {[%emt 0:00:21]} 25. Bxa7 {[%emt 0:00:16]} c5 {[%emt 0:05:32]} 26. Qa5 {[%emt 0:04:00]} Qd4+ {[%emt 0:01:14]} 27. Kh1 {[%emt 0:00:24]} Bxc4 {[%emt 0:01:46]} 28. Bxc5 {[%emt 0:01:08]} Qd5 {[%emt 0:01:16]} 29. Re1 {[%emt 0:02:08]} Rc8 {[%emt 0:03:05]} 30. Bb4 {[%emt 0:00:40]} Bb5 {[%emt 0:03:57]} 31. Qb6 {[%emt 0:02:43]} Bc6 {[%emt 0:01:42]} 1/2-1/2